000 00774nam a2200205Ia 4500
005 20241129111007.0
008 241129s9999||||xx |||||||||||||| ||und||
037 _aTB
040 _aCRL
_bpun
_cCRL
041 _apun
_2pun
084 _aQ8441xK70 153R2
_qCRL
100 _aਸਿੰਘ, ਬਲਵਿੰਦਰ ਪਾਲ, ਚ।
245 0 _aਬਾਬਾ ਬੰਦਾ ਸਿੰਘ ਬਹਾਦਰ ਦਾ ਖ਼ਾਲਸਾ ਰਾਜ
_cਸਿੰਘ, ਬਲਵਿੰਦਰ ਪਾਲ, ਚ।
260 _aਜਲੰਧਰ, ਭਾਰਤ
_bਗਿਆਨੀ ਦਿੱਤ ਸਿੰਘ ਸਾਹਿਤ ਸਭਾ
_c2022
300 _a240ਪ੍ਰ
365 _aINR
_b350
650 _aSikhismReligion
942 _cTB
_hQ8441xK70 153R2
999 _c1228445
_d1228445